| 000 | 00980nam a2200241Ia 4500 | ||
|---|---|---|---|
| 003 | Ost | ||
| 005 | 20260507075039.0 | ||
| 008 | 260507s9999||||xx |||||||||||||| ||und|| | ||
| 020 | _a5158069957 | ||
| 040 | _cfsecg | ||
| 041 | _aara | ||
| 082 | _a330 | ||
| 100 |
_aحمود، خضير كاظم _eمؤلف |
||
| 245 | 0 |
_aادارة الجودة وخدمة العملاء / _c خضير كاظم حمود |
|
| 260 |
_aعمان: _bدار المسيرة للنشر والتوزيع, _c2002 |
||
| 300 |
_a236 صفحة؛ _bإيضاحات ؛ _c24 سم |
||
| 504 | _aببلوغرافيا ص.234 | ||
| 520 | _aادارة الجودة الشاملة،نظام ادارة الجودة،استراتيجية الجودة الشاملة،قياس درجة الجودة،الرقابة على الجودة،حلقات تحسين الجودة،خدمة العملاء | ||
| 653 | _aالادارة | ||
| 653 | _aالرقابة | ||
| 653 | _aجودة الانتاج | ||
| 942 | _cكتاب | ||
| 999 |
_c42491 _d42491 |
||